...

NIRU LIBRARY

Manufacturing consent : (Record no. 56)

MARC details
000 -LEADER
fixed length control field 00769nam a22002417a 4500
005 - DATE AND TIME OF LATEST TRANSACTION
control field 20230620102756.0
008 - FIXED-LENGTH DATA ELEMENTS--GENERAL INFORMATION
fixed length control field 230620b |||||||| |||| 00| 0 eng d
040 ## - CATALOGING SOURCE
Transcribing agency NIRUC
050 ## - LIBRARY OF CONGRESS CALL NUMBER
Classification number P95.82.U6
Item number .H47 1994
100 ## - MAIN ENTRY--PERSONAL NAME
Personal name Herman, E. S
245 ## - TITLE STATEMENT
Title Manufacturing consent :
Remainder of title the political economy of the mass media /
Statement of responsibility, etc. E. S. Herman & N. Chomsky
260 ## - PUBLICATION, DISTRIBUTION, ETC.
Place of publication, distribution, etc. London :
Name of publisher, distributor, etc. Vintage,
Date of publication, distribution, etc. 1994.
300 ## - PHYSICAL DESCRIPTION
Extent xvi, 307p. :
Other physical details ill ;
Dimensions 20cm
Accompanying material Includes Indexes, Bibliographies and Notes
650 ## - SUBJECT ADDED ENTRY--TOPICAL TERM
Source of heading or term United States
650 ## - SUBJECT ADDED ENTRY--TOPICAL TERM
Source of heading or term World politics
650 ## - SUBJECT ADDED ENTRY--TOPICAL TERM
Source of heading or term Mass media
Topical term or geographic name entry element Political aspects
650 ## - SUBJECT ADDED ENTRY--TOPICAL TERM
Source of heading or term Mass media
Form subdivision Objectivity
650 ## - SUBJECT ADDED ENTRY--TOPICAL TERM
Source of heading or term Mass media and propaganda
650 ## - SUBJECT ADDED ENTRY--TOPICAL TERM
Source of heading or term Public opinion
650 ## - SUBJECT ADDED ENTRY--TOPICAL TERM
Source of heading or term Mass media
Form subdivision Ownership
650 ## - SUBJECT ADDED ENTRY--TOPICAL TERM
Source of heading or term Mass media
942 ## - ADDED ENTRY ELEMENTS (KOHA)
Source of classification or shelving scheme Library of Congress Classification
Koha item type Books
Suppress in OPAC No
Holdings
Withdrawn status Lost status Source of classification or shelving scheme Damaged status Not for loan Collection Home library Current library Shelving location Date acquired Total checkouts Full call number Barcode Date last seen Price effective from Koha item type Total renewals Date due Date last checked out
    Library of Congress Classification     Non-fiction NIRU LIBRARY NIRU LIBRARY On display 06/20/2023   P95.82.U6 H47 2023-0115 06/20/2023 06/20/2023 Books      
    Library of Congress Classification     Non-fiction NIRU LIBRARY NIRU LIBRARY On display 06/20/2023 4 P95.82.U6 H47 2023-0116 12/01/2025 06/20/2023 Books 1 02/01/2026 12/01/2025
    Library of Congress Classification     Non-fiction NIRU LIBRARY NIRU LIBRARY On display 06/20/2023   P95.82.U6 H47 2023-0117 06/20/2023 06/20/2023 Books      
Copyright © 2025&6. National Intelligence and Research University. All Rights Reserved.